| 000 | 00704nmm a2200253 a 4500 | ||
|---|---|---|---|
| 003 | AR-BaBNM | ||
| 005 | 20251128210937.0 | ||
| 008 | 171120s1971 ||||||||||||||000 | spa|| | ||
| 040 | _cAR-BaBNM | ||
| 100 | 1 | _aWaggoner, George R. | |
| 245 | 1 | 0 | _aEducation in Central America |
| 260 |
_aKansas _bUniversity Press of Kansas _c1971 |
||
| 300 | 0 |
_a180 p. _btablas |
|
| 500 | 0 | _aContiene referencias bibliográficas | |
| 650 | 4 | _aEDUCACION COMPARADA | |
| 650 | 4 | _aUNIVERSIDADES PRIVADAS | |
| 650 | 4 | _aEDUCACION Y DESARROLLO | |
| 650 | 4 | _aDATOS ESTADISTICOS | |
| 651 | _aAmérica Central | ||
| 653 | 0 | _aSISTEMA EDUCATIVO | |
| 700 | 1 | _aWaggoner, Barbara Ashton | |
| 942 | _cBK | ||
| 998 | _cRAQUEL | ||
| 999 |
_c17572 _d17572 |
||